<?xml version="1.0" encoding="UTF-8"?>
<collection xmlns="http://www.loc.gov/MARC21/slim">
 <record>
  <leader>01421nam a2200205Ia 4500</leader>
  <controlfield tag="001">TDMU_38420</controlfield>
  <controlfield tag="008">210410s9999    xx            000 0 und d</controlfield>
  <datafield tag="082" ind1=" " ind2=" ">
   <subfield code="a">651.5</subfield>
  </datafield>
  <datafield tag="100" ind1=" " ind2=" ">
   <subfield code="a">Trương, Bá Cần</subfield>
  </datafield>
  <datafield tag="245" ind1=" " ind2="0">
   <subfield code="a">Kỷ niệm 100 năm ngày pháp chiếm Nam kỳ (20-6-1867/20-6-1967)</subfield>
  </datafield>
  <datafield tag="245" ind1=" " ind2="0">
   <subfield code="c">Trương Bá Cần, Phạm Cao Dương, Lê Văn Hảo,..[và nh.ng.khác]</subfield>
  </datafield>
  <datafield tag="260" ind1=" " ind2=" ">
   <subfield code="a">Tp. HCM</subfield>
  </datafield>
  <datafield tag="260" ind1=" " ind2=" ">
   <subfield code="b">Trình bày</subfield>
  </datafield>
  <datafield tag="260" ind1=" " ind2=" ">
   <subfield code="c">1967</subfield>
  </datafield>
  <datafield tag="300" ind1=" " ind2=" ">
   <subfield code="a">242tr.</subfield>
  </datafield>
  <datafield tag="520" ind1=" " ind2=" ">
   <subfield code="a">Sách do giáo viên cung cấp; Trình bày những vấn đề: Những lý do khiến Pháp can thiệp vào Việt Nam; Mấy nét về hội sống Việt Nam giữa thế kỷ thứ XIX; Một vài khía cạnh đáng chú ý trong đường lối cai trị của người Pháp ở Nam kỳ từ 1861 đến 1867; Những cuộc hành quân của Pháp ở Trung và Nam kỳ; Phan Thanh Giản với việc mất ba tỉnh miền Tây; Nghĩ về một giai đoạn mất nước; Suy nghĩ về hai chữ &quot;mất nước&quot;</subfield>
  </datafield>
  <datafield tag="650" ind1=" " ind2=" ">
   <subfield code="a">Kỷ niệm</subfield>
   <subfield code="x">Chiến tranh miền Nam; Thực dân Pháp</subfield>
   <subfield code="z">Nam Kỳ</subfield>
   <subfield code="y">1867-1967</subfield>
  </datafield>
  <datafield tag="700" ind1=" " ind2=" ">
   <subfield code="a">Trương, Bá cần</subfield>
  </datafield>
  <datafield tag="856" ind1=" " ind2=" ">
   <subfield code="u">http://lrc.tdmu.edu.vn/opac/search/detail.asp?aID=2&amp;ID=38420</subfield>
  </datafield>
  <datafield tag="980" ind1=" " ind2=" ">
   <subfield code="a">Trung tâm Học liệu Trường Đại học Thủ Dầu Một</subfield>
  </datafield>
 </record>
</collection>
